Máquinas eléctricas
Збережено в:
| Автор: | |
|---|---|
| Формат: | Книга |
| Мова: | Іспанська |
| Опубліковано: |
Bogotá
McGraw-Hill
1993
|
| Редагування: | 2a. ed |
| Предмети: | |
| Теги: |
Додати тег
Немає тегів, Будьте першим, хто поставить тег для цього запису!
|
MARC
| LEADER | 00000nam a2200000 a 4500 | ||
|---|---|---|---|
| 001 | UCY0844 | ||
| 003 | CL-VaPUC | ||
| 008 | 940813e19930000CK |||||||||||||||||spa|d | ||
| 082 | 0 | 4 | |a 621.313 |b CHA |2 21 |
| 100 | 0 | |a Chapman, Stephen J |e author |9 328690 | |
| 245 | 1 | 0 | |a Máquinas eléctricas |
| 250 | |a 2a. ed | ||
| 300 | |a 740 p | ||
| 942 | |c BK | ||
| 945 | |d 19940813 00:00:00 |a mfernand | ||
| 260 | |a Bogotá |b McGraw-Hill |c 1993 | ||
| 650 | 0 | |a Máquinas eléctricas |9 260079 | |
| 650 | 0 | |a Motores eléctricos |9 260085 | |
| 583 | |a last modification |c 20171031 14:12:34 |k Rodrigo Vera | ||
| 999 | |c 229743 |d 229741 | ||
| 952 | |0 0 |1 0 |4 0 |6 621_313000000000000_CHA_1993 |7 0 |8 A |9 231257 |a BIBING |b BIBING |d 2019-11-15 |i 3615618 |l 7 |o 621.313 CHA 1993 |p 3615618 |r 2025-01-20 |s 2024-05-06 |w 2019-11-15 |y BK |k EIE | ||
| 952 | |0 0 |1 0 |2 ddc |4 0 |6 621_313000000000000_CHA_1993 |7 0 |8 A |9 231258 |a BIBING |b BIBING |c RES |d 2019-11-15 |i 3615626 |o 621.313 CHA 1993 |p 3615626 |r 2025-01-20 |w 2019-11-15 |y BK |k EIE | ||
| 952 | |0 0 |1 0 |4 0 |6 621_313000000000000_CHA_1993 |7 0 |8 R |9 231263 |a BIBMEC |b BIBMEC |d 2019-11-15 |i 3685349 |o 621.313 CHA 1993 |p 3685349 |r 2024-01-19 |w 2019-11-15 |y BK_R |k MEC | ||